Razonabilidad y proporcionalidad de las medidas para la efectividad de la sentencia de alimentos Impacto del fondo de garantía alimentaria / (Registro nro. 5828)
[ vista simple ]
| 000 -LEADER | |
|---|---|
| fixed length control field | 00880nab a22001937a 4500 |
| 003 - CONTROL NUMBER IDENTIFIER | |
| control field | OSt |
| 005 - DATE AND TIME OF LATEST TRANSACTION | |
| control field | 20260107123010.0 |
| 008 - FIXED-LENGTH DATA ELEMENTS--GENERAL INFORMATION | |
| fixed length control field | 190514b xxu||||| |||| 00| 0 spa d |
| 040 ## - CATALOGING SOURCE | |
| Transcribing agency | PJ |
| 100 ## - MAIN ENTRY--PERSONAL NAME | |
| 9 (RLIN) | 6732 |
| Personal name | Raganato, Claudia G. |
| 245 10 - TITLE STATEMENT | |
| Title | Razonabilidad y proporcionalidad de las medidas para la efectividad de la sentencia de alimentos Impacto del fondo de garantía alimentaria / |
| Statement of responsibility, etc | Claudia G. Raganato. |
| 300 ## - PHYSICAL DESCRIPTION | |
| Extent | p. 118-130 |
| 505 ## - FORMATTED CONTENTS NOTE | |
| Formatted contents note | Sumario: I. Introducción.— II. La razonabilidad y proporcionalidad de las medidas.— III. Fondo de garantía alimentaria.— IV. Conclusiones. |
| 505 ## - FORMATTED CONTENTS NOTE | |
| Title | Si te interesa el texto, comunicate a koha@justierradelfuego.gov.ar |
| 650 #0 - SUBJECT ADDED ENTRY--TOPICAL TERM | |
| 9 (RLIN) | 967 |
| Topical term or geographic name as entry element | DERECHO DE FAMILIA |
| 650 #0 - SUBJECT ADDED ENTRY--TOPICAL TERM | |
| 9 (RLIN) | 968 |
| Topical term or geographic name as entry element | ALIMENTOS |
| 773 0# - HOST ITEM ENTRY | |
| Host Biblionumber | 2844 |
| Host Itemnumber | 3222 |
| Place, publisher, and date of publication | Buenos Aires : AbeledoPerrot, 1989- |
| Title | Derecho de familia. N° 118 - Marzo 2025 |
| International Standard Book Number | 18511201 |
| 942 ## - ADDED ENTRY ELEMENTS (KOHA) | |
| Source of classification or shelving scheme | |
| Koha item type | Analítica Artículo de Revista |
No hay ítems disponibles.
